Alegato presentado al Juez de Primera Instancia por Don Juan Nepomuceno Iñiguez en el pleito que siguen contra él Don Manuel, Don Luis, Don Agustín, Don Pablo, Don José María i Don Sabino Ovalle, sobre nulidad o rescisión de una venta
שמור ב:
| מחבר ראשי: | |
|---|---|
| פורמט: | ספר |
| שפה: | ספרדית |
| יצא לאור: |
Santiago
Imprenta Nacional, calle de los Teatinos
1857
|
| מהדורה: | 1a. ed |
| נושאים: | |
| תגים: |
הוספת תג
אין תגיות, היה/י הראשונ/ה לתייג את הרשומה!
|
MARC
| LEADER | 00000nam a2200000 a 4500 | ||
|---|---|---|---|
| 001 | UCJ7862 | ||
| 003 | CL-VaPUC | ||
| 008 | 070124e18570715CL |||||||||||||||||spa|d | ||
| 082 | 0 | 4 | |a 347 |b IÑI |2 21 |
| 100 | 0 | |a Iñiguez, Juan Nepomuceno |e author |9 516290 | |
| 245 | 1 | 0 | |a Alegato presentado al Juez de Primera Instancia por Don Juan Nepomuceno Iñiguez en el pleito que siguen contra él Don Manuel, Don Luis, Don Agustín, Don Pablo, Don José María i Don Sabino Ovalle, sobre nulidad o rescisión de una venta |
| 250 | |a 1a. ed | ||
| 300 | |a 138 p | ||
| 942 | |c BK | ||
| 945 | |d 20070124 00:00:00 |a rinostro | ||
| 260 | |a Santiago |b Imprenta Nacional, calle de los Teatinos |c 1857 | ||
| 500 | |a Advierte errata | ||
| 650 | 0 | |a Derecho civil |9 255013 | |
| 650 | 7 | |a CASOS |2 CL-VaPUC |9 255604 | |
| 583 | |a last modification |c 20161026 01:53:47 |k Rodrigo Vera | ||
| 999 | |c 323732 |d 323730 | ||
| 952 | |0 0 |1 0 |4 0 |6 347_000000000000000_IÑI_1857 |7 0 |8 X |9 403509 |a FDOBUD |b FDOBUD |d 2019-11-22 |i 1069624 |o 347 IÑI 1857 |p 1069624 |r 2019-11-22 |w 2019-11-22 |y BK_X |k BUD | ||